000 01003nam a22002777i 4500
999 _c23609
_d23609
003 AR-CdUCM
008 260420b20212021 pe||||| |||| 00| 0 SPA d
020 _a978-84-267-3277-4
040 _aMUNICIPALIDAD PROVINCIAL DEL CUSCO
_cBIBLIOTECA MUNICIPAL DEL CUSCO
041 _hspa
082 _a006.686
_bG84
100 _aGuarniz Izquierdo, Eduardo
_952596
245 _aEl gran libro de Illustrator :
_bEl vector del diseño /
260 _aEspaña:
_bMARCOMBO, S.L.
_c2021
300 _a504 páginas. :
_c24x17 cm.
505 _aTributo a su ilustrísima -- El libro del acróbata -- Configuración esencial -- Plantilla de dibujo -- Textos sobre tratado -- Trazados cerrados -- Ricitos de oro -- Volumen con planos
650 _aConversiones
_952597
650 _aMover
_952598
650 _aEscalar
_952599
650 _aLectura y consulta
_952600
650 _aUniones
_938925
650 _aFusion
_941555
856 _fwww.marcombo.com
942 _2ddc
_cLIBROS
945 _apbjr
_d20-04-2026